Rare 2010's kids shows by picture - Statistics

General Stats
  • This quiz has been taken 34 times
  • The average score is 4 of 16
Answer Stats
Picture Answer % Correct
Odd Squad
64%
Game Shakers
50%
Uncle Grandpa
46%
Dog with a Blog
36%
Penguins of Madagascar
36%
Just Add Magic
32%
My Babysitter's a Vampire
29%
Walk the Prank
25%
Kick Buttowski
21%
Tickety Toc
18%
The Ruff Ruffman Show
14%
Fish Hooks
11%
The Haunted Hathaways
11%
Kirby Buckets
4%
Peep and the Big Wide World
4%
Tumble Leaf
4%
No matching quizzes found
Score Distribution
Percent of People with Each Score
Percentile by Number Answered
Your Score History
You have not taken this quiz